[Event "IX Open"]
[Site "Padova ITA"]
[Date "2006.12.19"]
[Round "4"]
[White "Vuelban, Virgilio"]
[Black "Dragojlovic, Andjelko"]
[Result "1/2-1/2"]
[WhiteElo "2341"]
[BlackElo "2383"]
[PlyCount "39"]
[EventDate "2006.12.16"]

1. c4 Nf6 2. Nc3 g6 3. e4 c5 4. Nf3 Nc6 5. d4 cxd4 6. Nxd4 Nxd4 7. Qxd4 d6 8.
Be2 Bg7 9. Be3 O-O 10. Qd2 Be6 11. Rc1 Qa5 12. O-O Rfc8 13. b3 a6 14. f3 b5 15.
Nd5 Qxd2 16. Bxd2 Nxd5 17. cxd5 Bd4+ 18. Kh1 Bd7 19. Rxc8+ Rxc8 20. Rc1 1/2-1/2

[Event "IX Open"]
[Site "Padova ITA"]
[Date "2006.12.20"]
[Round "5"]
[White "Belloni, Umberto"]
[Black "Litrico, Paolo"]
[Result "1-0"]
[WhiteElo "1908"]
[BlackElo "1691"]
[PlyCount "113"]
[EventDate "2006.12.16"]

1. e4 g6 2. d3 Bg7 3. f4 d6 4. Nf3 Nf6 5. c3 c5 6. Be2 Nc6 7. a4 Qb6 8. O-O c4+
9. Kh1 cxd3 10. Bxd3 Ng4 11. Qe2 O-O 12. h3 Nf6 13. Nh4 Bd7 14. Be3 Qc7 15. Nd2
Nh5 16. Qf3 Rad8 17. g4 Nf6 18. Rg1 Bc8 19. Qg3 b6 20. Be2 e5 21. f5 d5 22. g5
Nxe4 23. Nxe4 dxe4 24. f6 Bh8 25. Ng2 Na5 26. Bg4 Nb3 27. Rae1 Bb7 28. h4 Nd2
29. Bxd2 Rxd2 30. Ne3 Rxb2 31. h5 Rd8 32. hxg6 hxg6 33. Be2 Rdd2 34. Rg2 Qxc3
35. Rh2 Rxe2 36. Rhxe2 Rxe2 37. Rxe2 Qc1+ 38. Re1 Qd2 39. Rd1 Qe2 40. Rd8+ Kh7
41. Qh4+ Qh5 42. Qxh5+ gxh5 43. Rf8 Bxf6 44. Rxf7+ Kg6 45. Rxf6+ Kxg5 46. Rf5+
Kh4 47. Kg2 a6 48. Rxe5 b5 49. a5 Bc6 50. Re6 Bb7 51. Rb6 Bc8 52. Rb8 Bh3+ 53.
Kf2 b4 54. Rxb4 Bd7 55. Rxe4+ Kh3 56. Ng2 Bc6 57. Rh4# 1-0

[Event "IX Open"]
[Site "Padova ITA"]
[Date "2006.12.20"]
[Round "5"]
[White "Canazza, Alessandro"]
[Black "Battagin, Mose'"]
[Result "1/2-1/2"]
[WhiteElo "2064"]
[BlackElo "1847"]
[PlyCount "44"]
[EventDate "2006.12.16"]

1. c4 g6 2. Nc3 Bg7 3. g3 Nf6 4. Bg2 O-O 5. d3 d6 6. e4 c5 7. Nge2 Nc6 8. O-O
Ne8 9. Be3 Nc7 10. d4 cxd4 11. Nxd4 Bd7 12. Qd2 Ne5 13. b3 Ng4 14. Rac1 Nxe3
15. Qxe3 Qe8 16. Rc2 Rc8 17. Rfc1 b6 18. Nd5 Na6 19. a3 Nb8 20. h3 Nc6 21. Ne2
Be6 22. Kh2 Qd7 1/2-1/2

[Event "IX Open"]
[Site "Padova ITA"]
[Date "2006.12.20"]
[Round "5"]
[White "Cardili, Mariano"]
[Black "Giordan, Daniele"]
[Result "1-0"]
[WhiteElo "2079"]
[BlackElo "1897"]
[PlyCount "81"]
[EventDate "2006.12.16"]

1. d4 d5 2. c4 c6 3. Nf3 Nf6 4. Nc3 e6 5. Bg5 Nbd7 6. e3 Qa5 7. Nd2 dxc4 8.
Bxf6 Nxf6 9. Nxc4 Qc7 10. Bd3 Be7 11. Rc1 O-O 12. O-O Bd7 13. e4 b5 14. Ne3 b4
15. Na4 Qf4 16. g3 Qg5 17. Nc5 e5 18. h4 Qg6 19. dxe5 Bg4 20. exf6 Bxd1 21.
fxe7 Rfe8 22. Rfxd1 Rxe7 23. Nf5 Ree8 24. Bc4 Qf6 25. Rd7 Qxb2 26. Bxf7+ Kf8
27. Nd3 Qf6 28. Bxe8 Rxe8 29. Nc5 g6 30. Nh6 Re7 31. Rcd1 Qf3 32. Rd8+ Kg7 33.
Ng8 Qxd1+ 34. Rxd1 Kxg8 35. Rd6 Rc7 36. f4 a5 37. Kf2 a4 38. Rd8+ Kf7 39. Rb8
Ra7 40. Rxb4 Ra5 41. Nxa4 1-0

[Event "IX Open"]
[Site "Padova ITA"]
[Date "2006.12.20"]
[Round "5"]
[White "Cozzarin, Davide"]
[Black "Carini, Massimo"]
[Result "1-0"]
[WhiteElo "1943"]
[BlackElo "2176"]
[PlyCount "69"]
[EventDate "2006.12.16"]

1. d4 d5 2. c4 c6 3. Nc3 Nf6 4. cxd5 cxd5 5. Bf4 Nc6 6. e3 a6 7. Bd3 Bg4 8.
Nge2 e6 9. Rc1 Bd6 10. f3 Bh5 11. Qb3 O-O 12. O-O Bg6 13. Bxg6 hxg6 14. Na4
Bxf4 15. Nxf4 Na5 16. Qd3 b5 17. Nc5 Qd6 18. b3 Nc6 19. Qd2 Rfc8 20. Nfd3 e5
21. Nxe5 Nxe5 22. dxe5 Qxe5 23. Qd4 Qxd4 24. exd4 a5 25. Rfe1 Ra7 26. Nd7 Rxc1
27. Nxf6+ gxf6 28. Rxc1 a4 29. Rc5 axb3 30. axb3 Ra5 31. Rxd5 Kf8 32. b4 Ra2
33. Rxb5 Rd2 34. d5 Ke7 35. Rb7+ 1-0

[Event "IX Open"]
[Site "Padova ITA"]
[Date "2006.12.20"]
[Round "5"]
[White "De Santis, Alessio"]
[Black "Lazic, Miroljub"]
[Result "1-0"]
[WhiteElo "2337"]
[BlackElo "2465"]
[PlyCount "51"]
[EventDate "2006.12.16"]

1. d4 d5 2. c4 c6 3. Nc3 Nf6 4. e3 e6 5. Nf3 Nbd7 6. Bd3 Be7 7. O-O O-O 8. e4
dxe4 9. Nxe4 b6 10. Qe2 Bb7 11. Rd1 Qc7 12. Bg5 c5 13. dxc5 bxc5 14. Rd2 Qc6
15. Rad1 Rfe8 16. Bxf6 Nxf6 17. Ne5 Qc7 18. Ng5 Rf8 19. Nxh7 Rfd8 20. Ng5 Rd4
21. Ngxf7 Bd6 22. Bg6 Rf8 23. Rxd4 cxd4 24. Rxd4 Bxe5 25. Nxe5 Qa5 26. Nd7 1-0

[Event "IX Open"]
[Site "Padova ITA"]
[Date "2006.12.20"]
[Round "5"]
[White "Dragojlovic, Andjelko"]
[Black "Navarro, Stefano"]
[Result "1-0"]
[WhiteElo "2383"]
[BlackElo "2228"]
[PlyCount "87"]
[EventDate "2006.12.16"]

1. e4 e5 2. Nc3 Nf6 3. g3 Bc5 4. Bg2 a6 5. Nf3 d6 6. d4 exd4 7. Nxd4 O-O 8. h3
Bd7 9. O-O Nc6 10. Nb3 Ba7 11. Bg5 h6 12. Bf4 Re8 13. Kh2 Ne5 14. Nd4 Ng6 15.
Be3 Bc5 16. a3 a5 17. Qd2 Rb8 18. Rab1 Ne5 19. Qe2 Nc6 20. Nxc6 Bxc6 21. Bxc5
dxc5 22. Rbd1 Qe7 23. Rfe1 Rbd8 24. e5 Rxd1 25. Qxd1 Bxg2 26. Kxg2 Qe6 27. f4
Nd7 28. Qf3 Qb6 29. b3 Nf8 30. f5 c4 31. Nd5 Qc5 32. b4 axb4 33. axb4 Qd4 34.
c3 Qd2+ 35. Re2 Qd1 36. Nxc7 Rd8 37. e6 Rd2 38. Kf2 fxe6 39. fxe6 Ng6 40. Qe4
Rxe2+ 41. Qxe2 Qd6 42. Qxc4 Ne5 43. Qd5 Nd3+ 44. Ke2 1-0

[Event "IX Open"]
[Site "Padova ITA"]
[Date "2006.12.20"]
[Round "5"]
[White "Kizov, Atanas"]
[Black "Dervishi, Erald"]
[Result "0-1"]
[WhiteElo "2390"]
[BlackElo "2545"]
[PlyCount "64"]
[EventDate "2006.12.16"]

1. d4 Nf6 2. Nf3 e6 3. c4 b6 4. a3 Bb7 5. Nc3 d5 6. Bg5 Be7 7. Bxf6 Bxf6 8.
cxd5 exd5 9. Qa4+ c6 10. g3 O-O 11. Bg2 Nd7 12. O-O Re8 13. Rfd1 a5 14. e3 Nf8
15. Rac1 Ne6 16. Qb3 Ba6 17. Bf1 Bxf1 18. Kxf1 b5 19. a4 b4 20. Ne2 Qb6 21. Rc2
Rac8 22. Rdc1 Rc7 23. Kg2 g6 24. Ne1 c5 25. dxc5 Nxc5 26. Qxd5 Rd8 27. Qf3 Be5
28. Nf4 b3 29. Nd5 Qd6 30. Nxc7 bxc2 31. Nb5 Qd7 32. Nxc2 Qd2 0-1

[Event "IX Open"]
[Site "Padova ITA"]
[Date "2006.12.20"]
[Round "5"]
[White "Laketic, Gojko"]
[Black "Del Monaco, Andrea"]
[Result "1-0"]
[WhiteElo "2441"]
[BlackElo "2248"]
[PlyCount "125"]
[EventDate "2006.12.16"]

1. d4 Nf6 2. Nf3 g6 3. c4 Bg7 4. g3 O-O 5. Bg2 c5 6. d5 d6 7. Nc3 Bf5 8. Ng5
Na6 9. e4 Bg4 10. Nf3 Nc7 11. h3 Bxf3 12. Bxf3 a6 13. a4 b5 14. O-O bxc4 15.
Be2 Qd7 16. Kh2 e6 17. Bxc4 exd5 18. exd5 Rab8 19. Ra2 Rfe8 20. b3 Re5 21. Kg2
Rbe8 22. f3 Qd8 23. Rc2 Qa8 24. Rd2 Re3 25. Rd3 Rxd3 26. Qxd3 Nd7 27. Ne4 Ne5
28. Qd1 Qd8 29. Bg5 f6 30. Bd2 Nxc4 31. bxc4 f5 32. Bg5 Qd7 33. Nf6+ Bxf6 34.
Bxf6 Kf7 35. Bc3 Re3 36. Qd2 f4 37. gxf4 Re7 38. Qc2 Ne8 39. Kg3 Ng7 40. Bxg7
Kxg7 41. Qc3+ Kh6 42. Rb1 Qf5 43. Rb6 Rf7 44. Qe3 Qf6 45. f5+ Kg7 46. h4 Re7
47. Qf4 Qa1 48. f6+ Qxf6 49. Qxd6 Qxd6+ 50. Rxd6 Rb7 51. Rc6 Rb4 52. Rxc5 Rxa4
53. Rc7+ Kf6 54. c5 Rd4 55. d6 Ke6 56. Rxh7 a5 57. Rg7 Kd5 58. Rc7 Ke6 59. Ra7
a4 60. f4 Kd5 61. Ra5 Kc6 62. Kg4 Rc4 63. Kg5 1-0

[Event "IX Open"]
[Site "Padova ITA"]
[Date "2006.12.20"]
[Round "5"]
[White "Luciani, Valerio"]
[Black "Dvirnyy, Danyyil"]
[Result "1/2-1/2"]
[WhiteElo "2229"]
[BlackElo "2323"]
[PlyCount "96"]
[EventDate "2006.12.16"]

1. d4 Nf6 2. c4 g6 3. Nc3 Bg7 4. Nf3 O-O 5. g3 c5 6. Bg2 Nc6 7. O-O d6 8. d5
Na5 9. Nd2 e5 10. e4 Ng4 11. h3 Nh6 12. a3 b6 13. b4 Nb7 14. Nb3 f5 15. f3 Nf7
16. Qd3 Bd7 17. Bd2 Qe7 18. b5 h5 19. a4 a5 20. bxa6 Rxa6 21. Nb5 Bc8 22. a5
bxa5 23. Nxa5 Nxa5 24. Bxa5 Qg5 25. Nc7 Rxa5 26. Rxa5 Qxg3 27. Ne6 fxe4 28.
Qxe4 Ng5 29. Nxg5 Qxg5 30. h4 Qd2 31. Ra3 Qh6 32. Rfa1 Rf4 33. Qe1 Bf5 34. Ra8+
Bf8 35. Qc1 g5 36. Rd8 Bd3 37. Raa8 Qg7 38. Qc3 Bh7 39. Rxd6 gxh4 40. Kh1 Rd4
41. Qe1 Bc2 42. Bf1 Bd1 43. Be2 h3 44. Qg1 Qxg1+ 45. Kxg1 Bxe2 46. Rf6 Bxc4 47.
Raxf8+ Kg7 48. R8f7+ Kg8 1/2-1/2

[Event "IX Open"]
[Site "Padova ITA"]
[Date "2006.12.20"]
[Round "5"]
[White "Mazzella, Riccardo"]
[Black "Camosi, Roberto"]
[Result "0-1"]
[WhiteElo "1371"]
[BlackElo "1694"]
[PlyCount "117"]
[EventDate "2006.12.16"]

1. d4 Nf6 2. c4 e6 3. Nf3 c5 4. e3 cxd4 5. exd4 d5 6. Nc3 Bb4 7. Bd2 Nc6 8. c5
Bxc3 9. Bxc3 Ne4 10. Bb5 Nxc3 11. Bxc6+ bxc6 12. bxc3 Ba6 13. Ng1 Qa5 14. Qc2
O-O 15. Ne2 Qb5 16. Rb1 Qd3 17. Qxd3 Bxd3 18. Rb7 Rfb8 19. Rxb8+ Rxb8 20. Kd2
Bc4 21. Nc1 Rb2+ 22. Ke3 Rc2 23. Nb3 Re2+ 24. Kf3 Rxa2 25. Rb1 Bb5 26. Nc1 Rc2
27. Nb3 Rxc3+ 28. Kf4 f6 29. Na5 h5 30. f3 Ra3 31. Nb7 Ra4 32. Ke3 Ra3+ 33. Kf4
g5+ 34. Kg3 Rd3 35. Nd6 a6 36. Re1 Rxd4 37. Rxe6 Rf4 38. Nxb5 axb5 39. Rxc6 b4
40. Rd6 Rc4 41. Rxd5 b3 42. Rd8+ Kf7 43. Rb8 Rc3 44. c6 Rxc6 45. Rxb3 Rc2 46.
h3 Kg6 47. Rb8 h4+ 48. Kh2 Rc1 49. Rb5 Re1 50. Rc5 Re5 51. Rxe5 fxe5 52. g3 Kf5
53. g4+ Kf4 54. Kg2 Ke3 55. Kf1 Kxf3 56. Kg1 e4 57. Kf1 e3 58. Ke1 e2 59. Kd2
0-1

[Event "IX Open"]
[Site "Padova ITA"]
[Date "2006.12.20"]
[Round "5"]
[White "Naumkin, Igor"]
[Black "Vuelban, Virgilio"]
[Result "1/2-1/2"]
[WhiteElo "2495"]
[BlackElo "2341"]
[PlyCount "55"]
[EventDate "2006.12.16"]

1. d4 Nf6 2. c4 g6 3. Nc3 Bg7 4. e4 d6 5. Nf3 O-O 6. Be2 e5 7. d5 Na6 8. Bg5 h6
9. Bh4 g5 10. Bg3 Nxe4 11. Nxe4 f5 12. Nfd2 fxe4 13. Nxe4 Bf5 14. Bd3 g4 15.
O-O h5 16. f3 Bxe4 17. Bxe4 Nc5 18. Bc2 e4 19. fxg4 Rxf1+ 20. Qxf1 Bxb2 21. Rd1
Qg5 22. gxh5 Qxh5 23. Bf2 Be5 24. h3 Rf8 25. Qe1 Qf5 26. Bxc5 dxc5 27. Bxe4 Qf4
28. g3 1/2-1/2

[Event "IX Open"]
[Site "Padova ITA"]
[Date "2006.12.20"]
[Round "5"]
[White "Palumbo, Giuseppe"]
[Black "Contini, Davide"]
[Result "0-1"]
[WhiteElo "1592"]
[BlackElo "2236"]
[PlyCount "42"]
[EventDate "2006.12.16"]

1. e4 c5 2. Nf3 d6 3. d4 cxd4 4. Nxd4 Nf6 5. Nc3 a6 6. Bc4 Qc7 7. Bb3 e6 8. O-O
Be7 9. f4 O-O 10. a3 Nbd7 11. Rf3 Nc5 12. Ba2 Ncxe4 13. Nxe4 Nxe4 14. Qe2 d5
15. c4 Nf6 16. cxd5 exd5 17. f5 Bc5 18. Qd3 Qe5 19. Be3 Ng4 20. Nc2 Qxh2+ 21.
Kf1 Qh1+ 0-1

[Event "IX Open"]
[Site "Padova ITA"]
[Date "2006.12.21"]
[Round "6"]
[White "Ceccato, Alessandro"]
[Black "Battagin, Mose'"]
[Result "0-1"]
[WhiteElo "1700"]
[BlackElo "1847"]
[PlyCount "90"]
[EventDate "2006.12.16"]

1. e4 d6 2. d4 Nf6 3. Nc3 g6 4. Nf3 Bg7 5. Be2 O-O 6. O-O Bg4 7. Be3 Nc6 8. h3
Bxf3 9. Bxf3 e5 10. d5 Ne7 11. Ne2 Nd7 12. Qd2 f5 13. Bh6 f4 14. Bg5 Bf6 15.
Bxf6 Nxf6 16. c4 g5 17. Nc3 Qd7 18. Qd1 Ng6 19. Bg4 Nxg4 20. hxg4 Nh4 21. f3
Rf7 22. Rf2 h5 23. gxh5 Rh7 24. Qa4 Qf7 25. Kf1 Qxh5 26. Ke2 g4 27. Rh1 Qg5 28.
Kf1 g3 29. Re2 Qg7 30. Qc2 Nf5 31. Rxh7 Qxh7 32. Ke1 Nd4 33. Qd3 Qh1+ 34. Kd2
Nxe2 35. Qxe2 Qg1 36. Nb5 Qc5 37. a3 a6 38. Nc3 Kg7 39. b4 Qd4+ 40. Qd3 Qxd3+
41. Kxd3 Rh8 42. Ke2 Rh1 43. c5 Rg1 44. c6 bxc6 45. dxc6 Rxg2+ 0-1

[Event "IX Open"]
[Site "Padova ITA"]
[Date "2006.12.21"]
[Round "6"]
[White "Contini, Davide"]
[Black "Canazza, Alessandro"]
[Result "0-1"]
[WhiteElo "2236"]
[BlackElo "2064"]
[PlyCount "48"]
[EventDate "2006.12.16"]

1. d4 d5 2. Bf4 Nf6 3. e3 e6 4. Nf3 Bd6 5. Bxd6 Qxd6 6. Be2 Qb4+ 7. Nbd2 Qxb2
8. O-O O-O 9. c4 Qb6 10. Qc2 c6 11. e4 dxe4 12. Nxe4 Nxe4 13. Qxe4 Nd7 14. Rfd1
Nf6 15. Qf4 Qd8 16. Ne5 Qc7 17. Bd3 b6 18. Qh4 h6 19. f4 Bb7 20. g4 Qd8 21. g5
Qxd4+ 22. Kf1 hxg5 23. Qxg5 Rad8 24. Bh7+ Nxh7 0-1

[Event "IX Open"]
[Site "Padova ITA"]
[Date "2006.12.21"]
[Round "6"]
[White "De Marchi, Alessandro"]
[Black "Zanini, Andrea"]
[Result "0-1"]
[WhiteElo "1570"]
[BlackElo "1700"]
[PlyCount "82"]
[EventDate "2006.12.16"]

1. e4 d5 2. exd5 Qxd5 3. Nc3 Qd6 4. Nf3 a6 5. h3 Nf6 6. a4 Nc6 7. Bc4 Be6 8.
Qe2 Bxc4 9. Qxc4 Ne5 10. Qe2 Nxf3+ 11. Qxf3 c6 12. d3 h6 13. O-O e6 14. Bf4 Qb4
15. Ne4 Nxe4 16. Qxe4 Qxe4 17. dxe4 O-O-O 18. Rfd1 Bc5 19. c3 a5 20. Kf1 Rhe8
21. Rxd8+ Rxd8 22. Ke2 Bd6 23. Be3 Kc7 24. Rd1 b5 25. axb5 cxb5 26. e5 Be7 27.
Rxd8 Bxd8 28. Bc5 g6 29. g4 Kc6 30. Bf8 Bg5 31. h4 Bc1 32. b3 a4 33. bxa4 bxa4
34. Kd1 Bf4 35. Kc2 h5 36. gxh5 gxh5 37. Bg7 Kd5 38. Kb2 Bxe5 39. Bxe5 Kxe5 40.
Ka3 Kd5 41. Kxa4 Kc4 0-1

[Event "IX Open"]
[Site "Padova ITA"]
[Date "2006.12.21"]
[Round "6"]
[White "De Santis, Alessio"]
[Black "Laketic, Gojko"]
[Result "1-0"]
[WhiteElo "2337"]
[BlackElo "2441"]
[PlyCount "89"]
[EventDate "2006.12.16"]

1. d4 e6 2. e4 d5 3. exd5 exd5 4. Bd3 c5 5. Nf3 c4 6. Be2 Nc6 7. b3 cxb3 8.
axb3 Nf6 9. O-O Be7 10. Ne5 Bd7 11. Be3 O-O 12. Nd2 a6 13. Ndf3 Rc8 14. c4 Ne4
15. Bd3 Nb4 16. Nxd7 Qxd7 17. Ne5 Qd8 18. f3 Bg5 19. Bxg5 Nxg5 20. Bf5 Rc7 21.
Ra4 Nc6 22. f4 Ne6 23. Nxc6 Rxc6 24. cxd5 Qxd5 25. Qd3 Qb5 26. Bxh7+ Kh8 27.
Qh3 Nxf4 28. Rxf4 Rc1+ 29. Kf2 Rf1+ 30. Kg3 Qg5+ 31. Qg4 Qxg4+ 32. Kxg4 Rxf4+
33. Kxf4 Kxh7 34. d5 Kg6 35. Ke5 Re8+ 36. Kd6 Rd8+ 37. Kc5 Kf6 38. Re4 a5 39.
d6 Rc8+ 40. Kd5 Rc3 41. Rf4+ Kg5 42. Rxf7 Rxb3 43. d7 Rd3+ 44. Ke4 Kg6 45. Kxd3
1-0

[Event "IX Open"]
[Site "Padova ITA"]
[Date "2006.12.21"]
[Round "6"]
[White "Del Monaco, Andrea"]
[Black "Rossi, Giampiero"]
[Result "1-0"]
[WhiteElo "2248"]
[BlackElo "1976"]
[PlyCount "77"]
[EventDate "2006.12.16"]

1. e4 c5 2. Nf3 e6 3. d4 cxd4 4. Nxd4 a6 5. Bd3 Nf6 6. O-O d6 7. Kh1 Be7 8. f4
Qc7 9. Qe2 O-O 10. e5 Nfd7 11. Nxe6 fxe6 12. Qh5 Rf5 13. Bxf5 exf5 14. Nc3 Nf8
15. Nd5 Qd8 16. Be3 g6 17. Qe2 Nc6 18. Rad1 dxe5 19. Bb6 Qd6 20. fxe5 Qb8 21.
Bc7 Qa7 22. Bb6 Qb8 23. Nxe7+ Nxe7 24. Rd8 Nc6 25. Qc4+ Kg7 26. Re8 Be6 27.
Rxe6 Nxe6 28. Qxe6 Qxe5 29. Qxe5+ Nxe5 30. Bd4 Re8 31. Re1 Kf6 32. g3 g5 33. h3
h5 34. Kg2 Re6 35. c4 Re8 36. b4 Re6 37. a4 f4 38. Rxe5 Rxe5 39. h4 1-0

[Event "IX Open"]
[Site "Padova ITA"]
[Date "2006.12.21"]
[Round "6"]
[White "Dervishi, Erald"]
[Black "Vuelban, Virgilio"]
[Result "1-0"]
[WhiteElo "2545"]
[BlackElo "2341"]
[PlyCount "71"]
[EventDate "2006.12.16"]

1. e4 c5 2. Nf3 d6 3. d4 cxd4 4. Nxd4 Nf6 5. Nc3 a6 6. Be2 e6 7. a4 Nc6 8. Be3
Be7 9. O-O O-O 10. Kh1 Qc7 11. f4 Re8 12. Bf3 Bd7 13. Nb3 Rab8 14. Qe2 Bc8 15.
Rad1 Nd7 16. Rd2 Na5 17. Nxa5 Qxa5 18. Ba7 Ra8 19. Bd4 Rb8 20. e5 dxe5 21. fxe5
Bc5 22. Bh5 Rf8 23. Re1 b5 24. axb5 axb5 25. Bxc5 Nxc5 26. Rd4 b4 27. Nd1 Qa2
28. Qf2 b3 29. Bxf7+ Kh8 30. Rh4 Rxf7 31. Qxf7 Bd7 32. Qg6 h6 33. Rxh6+ gxh6
34. Qxh6+ Kg8 35. Qg6+ Kh8 36. Rf1 1-0

[Event "IX Open"]
[Site "Padova ITA"]
[Date "2006.12.21"]
[Round "6"]
[White "Dragojlovic, Andjelko"]
[Black "Naumkin, Igor"]
[Result "0-1"]
[WhiteElo "2383"]
[BlackElo "2495"]
[PlyCount "54"]
[EventDate "2006.12.16"]

1. e4 e6 2. d4 d5 3. Nc3 Bb4 4. e5 c5 5. Qg4 Ne7 6. Nf3 cxd4 7. Nxd4 O-O 8. Bd3
Ng6 9. Nf3 Nc6 10. O-O Bxc3 11. bxc3 Ncxe5 12. Nxe5 Nxe5 13. Bxh7+ Kxh7 14.
Qh5+ Kg8 15. Qxe5 f6 16. Qg3 Bd7 17. Rb1 b6 18. Rb4 Rc8 19. Rh4 Qc7 20. Qh3
Qxc3 21. Rh8+ Kf7 22. Qh5+ Ke7 23. Rh7 Rf7 24. Qg6 Rg8 25. Rh3 Qc4 26. Re3 e5
27. Rfe1 d4 0-1

[Event "IX Open"]
[Site "Padova ITA"]
[Date "2006.12.21"]
[Round "6"]
[White "Dvirnyy, Danyyil"]
[Black "Cozzarin, Davide"]
[Result "1-0"]
[WhiteElo "2323"]
[BlackElo "1943"]
[PlyCount "43"]
[EventDate "2006.12.16"]

1. e4 e6 2. d4 d5 3. Nc3 Nf6 4. Bg5 Be7 5. e5 Ne4 6. Nxe4 Bxg5 7. Nxg5 Qxg5 8.
Nf3 Qe7 9. Qd2 c5 10. h4 Nc6 11. c3 Bd7 12. dxc5 Qxc5 13. h5 h6 14. Rh4 O-O-O
15. Rg4 f6 16. b4 Qe7 17. Qe3 Kb8 18. b5 Na5 19. Ra4 b6 20. Nd4 Rc8 21. Rb1 Qc5
22. Rxa5 1-0

[Event "IX Open"]
[Site "Padova ITA"]
[Date "2006.12.21"]
[Round "6"]
[White "Giordan, Daniele"]
[Black "Carini, Massimo"]
[Result "0-1"]
[WhiteElo "1897"]
[BlackElo "2176"]
[PlyCount "129"]
[EventDate "2006.12.16"]

1. e4 e5 2. Nf3 Nf6 3. Nc3 Nc6 4. g3 d5 5. exd5 Nxd5 6. Bg2 Nxc3 7. bxc3 Bc5 8.
O-O O-O 9. Re1 Qf6 10. Qe2 Bb6 11. h3 Be6 12. d3 Rfe8 13. Bg5 Qg6 14. Qd2 f6
15. Be3 Qf7 16. a4 Rad8 17. Bxb6 axb6 18. Qe3 Qd7 19. Kh2 Ra8 20. Nd2 Bd5 21.
Nb3 Bxg2 22. Kxg2 Ne7 23. Qe4 Nd5 24. a5 bxa5 25. Rxa5 Rxa5 26. Nxa5 b6 27. c4
Nb4 28. Nb3 Nxc2 29. Re2 Nb4 30. d4 f5 31. Qe3 e4 32. Qc3 Nc6 33. d5 Ne5 34.
Ra2 c6 35. dxc6 Qxc6 36. Nd4 Qxc4 37. Qxc4+ Nxc4 38. Nxf5 g6 39. Rc2 gxf5 40.
Rxc4 Kf7 41. Rc6 Re6 42. Rc7+ Kg6 43. Rb7 h6 44. Kf1 Kg5 45. Rg7+ Rg6 46. Rb7
f4 47. Re7 fxg3 48. fxg3 Kf5 49. Kf2 Re6 50. Rf7+ Ke5 51. Ke3 Kd5 52. g4 b5 53.
Rd7+ Kc4 54. h4 b4 55. Rc7+ Kb3 56. Rb7 Kc3 57. Rc7+ Kb2 58. g5 hxg5 59. hxg5
b3 60. g6 Rxg6 61. Kxe4 Rg2 62. Kd3 Kb1 63. Rb7 b2 64. Rf7 Rg3+ 65. Kd2 0-1

[Event "IX Open"]
[Site "Padova ITA"]
[Date "2006.12.21"]
[Round "6"]
[White "Kizov, Atanas"]
[Black "Luciani, Valerio"]
[Result "1-0"]
[WhiteElo "2390"]
[BlackElo "2229"]
[PlyCount "61"]
[EventDate "2006.12.16"]

1. d4 f5 2. g3 Nf6 3. Bg2 d6 4. Nf3 g6 5. O-O Bg7 6. Nbd2 O-O 7. c3 Qe8 8. Re1
Nc6 9. e4 fxe4 10. Nxe4 Nxe4 11. Rxe4 e5 12. dxe5 dxe5 13. Rh4 Be6 14. Bh6 Bxh6
15. Rxh6 Rd8 16. Qe2 Kg7 17. Rh4 Bg8 18. Re4 Rf5 19. b4 Bd5 20. Re3 Rd6 21. Re1
Bxf3 22. Bxf3 Qd8 23. Bxc6 Rxc6 24. Rxe5 Rxe5 25. Qxe5+ Qf6 26. Qe4 Rxc3 27.
Qxb7 Qd6 28. Qe4 Qf6 29. Qe8 Ra3 30. Qd7+ Kh6 31. Re7 1-0

[Event "IX Open"]
[Site "Padova ITA"]
[Date "2006.12.21"]
[Round "6"]
[White "Lazic, Miroljub"]
[Black "Cardili, Mariano"]
[Result "1-0"]
[WhiteElo "2465"]
[BlackElo "2079"]
[PlyCount "81"]
[EventDate "2006.12.16"]

1. g3 d5 2. Nf3 Nf6 3. Bg2 e6 4. O-O Be7 5. d3 O-O 6. Nbd2 c5 7. e4 Nc6 8. Re1
Qc7 9. Qe2 b5 10. e5 Nd7 11. c3 a5 12. Nf1 Ba6 13. Bf4 b4 14. c4 dxc4 15. dxc4
Rfd8 16. h4 Nf8 17. h5 Bb7 18. h6 Ng6 19. Bc1 Nd4 20. Nxd4 Rxd4 21. Bxb7 Qxb7
22. hxg7 Rad8 23. Nh2 Kxg7 24. Be3 Rd3 25. Qh5 f5 26. exf6+ Bxf6 27. Bh6+ Kh8
28. Rxe6 Bd4 29. Qh3 Qf7 30. Re2 Qxc4 31. Rae1 Qf7 32. Nf1 Rg8 33. Qh5 Qf6 34.
Bg5 Qf5 35. Ne3 Qe5 36. Kh2 Bxe3 37. Rxe3 Rxe3 38. Rxe3 Qxb2 39. Rf3 Rf8 40.
Rxf8+ Nxf8 41. Qf7 1-0

[Event "IX Open"]
[Site "Padova ITA"]
[Date "2006.12.21"]
[Round "6"]
[White "Mazzella, Riccardo"]
[Black "Palumbo, Giuseppe"]
[Result "0-1"]
[WhiteElo "1371"]
[BlackElo "1592"]
[PlyCount "112"]
[EventDate "2006.12.16"]

1. d4 Nf6 2. c4 c5 3. Nf3 g6 4. e3 Bg7 5. Be2 O-O 6. O-O cxd4 7. exd4 d5 8. c5
Nc6 9. Be3 Re8 10. Qd2 Ng4 11. Bf4 e5 12. Bg5 f6 13. h3 fxg5 14. hxg4 Bxg4 15.
Qxg5 Qxg5 16. Nxg5 Bxe2 17. Re1 Nxd4 18. Nc3 Bc4 19. b3 Bxb3 20. axb3 Nc2 21.
Nxd5 Rac8 22. b4 Nxe1 23. Rxe1 b6 24. Ne4 Re6 25. Ng5 Ree8 26. Ne4 bxc5 27.
Nef6+ Kf7 28. Nxe8 Kxe8 29. Rc1 c4 30. Nc3 Ke7 31. Re1 Ra8 32. Nd5+ Kd6 33. Rd1
Kc6 34. b5+ Kc5 35. Nc7 Rg8 36. Rd7 Kb6 37. Ne6 c3 38. Rc7 e4 39. Rc4 Kxb5 40.
Rxe4 Rc8 41. Re1 c2 42. Rc1 Bb2 43. Rxc2 Rxc2 44. f3 a5 45. Kf1 a4 46. Ke1 a3
47. Kd1 Rc1+ 48. Kd2 a2 49. Nd4+ Bxd4 50. Kxc1 a1=Q+ 51. Kd2 Qc3+ 52. Ke2 Qc2+
53. Ke1 Kb4 54. g4 Kc3 55. f4 Qf2+ 56. Kd1 Qd2# 0-1

[Event "IX Open"]
[Site "Padova ITA"]
[Date "2006.12.21"]
[Round "6"]
[White "Navarro, Stefano"]
[Black "Belloni, Umberto"]
[Result "1/2-1/2"]
[WhiteElo "2228"]
[BlackElo "1908"]
[PlyCount "99"]
[EventDate "2006.12.16"]

1. e4 e6 2. d3 d5 3. Nd2 Nf6 4. g3 dxe4 5. dxe4 e5 6. Ngf3 Bg4 7. h3 Bxf3 8.
Qxf3 Nc6 9. c3 Qd7 10. Bg2 Rd8 11. O-O Bc5 12. Nc4 Qd3 13. Ne3 Bxe3 14. Bxe3
Qc4 15. Rfc1 O-O 16. b3 Qd3 17. Bc5 Rfe8 18. Rd1 Qxf3 19. Bxf3 Rxd1+ 20. Rxd1
b6 21. Be3 Rd8 22. Rxd8+ Nxd8 23. Bg2 Nd7 24. Bf1 g6 25. Bb5 c6 26. Ba6 Nc5 27.
Bxc5 bxc5 28. Bc8 Kf8 29. h4 Ke7 30. Kg2 f6 31. Kf3 Nf7 32. Ba6 Nd6 33. Ke3 f5
34. Bd3 Kf6 35. f4 h6 36. exf5 gxf5 37. fxe5+ Kxe5 38. Be2 Ne4 39. Bf3 Nxc3 40.
a4 Nd5+ 41. Kd3 Kd6 42. g4 fxg4 43. Bxg4 Nb6 44. Bd1 a5 45. Kc3 Nd5+ 46. Kd3
Nf4+ 47. Ke4 Ng6 48. h5 Ne7 49. Bf3 Ke6 50. Kd3 1/2-1/2

[Event "IX Open"]
[Site "Padova ITA"]
[Date "2006.12.22"]
[Round "7"]
[White "Battagin, Mose'"]
[Black "Dragojlovic, Andjelko"]
[Result "0-1"]
[WhiteElo "1847"]
[BlackElo "2383"]
[PlyCount "96"]
[EventDate "2006.12.16"]

1. e4 c5 2. Nf3 g6 3. c3 Bg7 4. Bc4 e6 5. O-O Ne7 6. d4 cxd4 7. Nxd4 d5 8. Bb5+
Bd7 9. Bg5 e5 10. exd5 exd4 11. Re1 Bxb5 12. Bxe7 Qxd5 13. cxd4 Bc6 14. Qg4 f5
15. Qg5 Kf7 16. Nc3 h6 17. Qg3 Qxg2+ 18. Qxg2 Bxg2 19. Kxg2 Nc6 20. Ba3 Bxd4
21. Rac1 Bxc3 22. Rxc3 Rhe8 23. Rd1 Rad8 24. Rcd3 Rxd3 25. Rxd3 Rd8 26. Rxd8
Nxd8 27. Bb4 Ne6 28. Bc3 Ke7 29. Bb4+ Kd7 30. Kf3 Kc6 31. Ke3 Kd5 32. Bc3 g5
33. b3 g4 34. f3 h5 35. Bf6 f4+ 36. Kf2 Nd4 37. fxg4 hxg4 38. Bd8 Ke4 39. Bc7
Nb5 40. Bb8 a6 41. a4 Nd4 42. b4 Nf3 43. Kg2 Ne1+ 44. Kg1 b5 45. axb5 axb5 46.
Kf1 Nd3 47. Bd6 f3 48. Be7 Kd4 0-1

[Event "IX Open"]
[Site "Padova ITA"]
[Date "2006.12.22"]
[Round "7"]
[White "Carini, Massimo"]
[Black "Belloni, Umberto"]
[Result "1-0"]
[WhiteElo "2176"]
[BlackElo "1908"]
[PlyCount "59"]
[EventDate "2006.12.16"]

1. e4 e6 2. d4 d5 3. e5 c5 4. c3 Nc6 5. Nf3 Nge7 6. a3 cxd4 7. cxd4 Nf5 8. Nc3
Bd7 9. Be2 Be7 10. b4 Rc8 11. Na4 b6 12. Bb2 Nb8 13. b5 g6 14. Nc3 O-O 15. O-O
Nh4 16. Nxh4 Bxh4 17. Qd2 f5 18. f4 Qe8 19. a4 Bd8 20. Bf3 Be7 21. Nxd5 exd5
22. Bxd5+ Kg7 23. e6 Bxb5 24. axb5 Rc7 25. Rfc1 Qd8 26. Bb3 Rxc1+ 27. Qxc1 Bf6
28. Rxa7+ Be7 29. d5+ Kg8 30. Rxe7 1-0